[Event "Berlin op"]
[Site "Berlin-West"]
[Date "1988.??.??"]
[Round "3"]
[White "Manor, Ilan"]
[Black "Stratil, Ladislav Jr"]
[Result "1-0"]
[WhiteElo "2430"]
[BlackElo "2415"]

1.d4 Nf6 2.c4 e6 3.g3 d5 4.Bg2 Be7 5.Nf3 O-O 6.O-O dxc4 7.Ne5 Nc6 8.Nxc6 bxc6
9.Na3 Bxa3 10.bxa3 Ba6 11.Bxc6 Rb8 12.Qa4 Rb6 13.Bd2 c3 14.Bxc3 Bxe2 15.Rfe1 Bd3
16.Bb4 Qxd4 17.Bxf8 Qxa4 18.Bxa4 Kxf8 19.Rac1 Ra6 20.Bb3 c6 21.Bc4 Bxc4 22.Rxc4 Ke7
23.Rb1 Nd5 24.Rb7+ Kf6 25.a4 h5 26.h4 g6 27.Rd7 c5 28.Rxc5 Rxa4 29.Rc2 Ra3
30.Rb2 Nb6 31.Rb7 Nd5 32.R2b3 Rxa2 33.Rf3+ Ke5 34.Rbxf7 a5 35.Rg7 a4 36.Kg2 Kd4
37.Rxg6 e5 38.Rd6 Ke4 39.Rd8 Re2 40.Ra8 Ra2 41.Ra5 Kd4 42.Rf8 Ne3+ 43.Kg1 Nc4
44.Ra7 a3 45.Rd8+ Ke4 46.Ra4 Rc2 47.Rc8 Kd3 48.Rcxc4 Rxc4 49.Rxa3+ Ke4 50.Ra6 Kf5
51.Rh6 Kg4 52.Kg2 Rc2 53.Rg6+ Kf5 54.Rg5+ Kf6 55.Rxh5 e4  1-0

[Event "Berlin op"]
[Site "Berlin-West"]
[Date "1988.??.??"]
[Round "7"]
[White "Hulak, Krunoslav"]
[Black "Kuzmin, Gennadi P"]
[Result "1/2-1/2"]
[WhiteElo "2490"]
[BlackElo "2475"]

1.d4 Nf6 2.c4 e6 3.g3 d5 4.Bg2 Be7 5.Nf3 O-O 6.O-O Na6 7.Nc3 c5 8.cxd5 exd5
9.Bg5 h6 10.Bxf6 Bxf6 11.Rc1 Be6 12.dxc5 Nxc5 13.Nd4 Qb6 14.Nxe6 fxe6 15.b4 Bxc3
16.bxc5 Qxc5 17.Qb3 Rac8 18.Qxb7 Qb6 19.Rb1 Qxb7 20.Rxb7 Bd4 21.Bh3 Rc6 22.Re7 Rf6
23.a4 Kf8 24.Rb7 Rf7 25.Rb8+ Ke7 26.a5 Ra6 27.e3 Be5 28.Rb5 Kd6 29.e4 Bc3
30.exd5 exd5 31.Rd1 d4 32.Bc8 Rc6 33.Bb7 Rc5 34.Rb3 Rfc7 35.a6 Ra5 36.h4 Kc5
37.Rdb1 Re7 38.Bc8 Rc7 39.Bb7  1/2-1/2

[Event "Berlin op"]
[Site "Berlin-West"]
[Date "1988.??.??"]
[Round "7"]
[White "Bartels, Hans A"]
[Black "Vera, Reynaldo"]
[Result "1/2-1/2"]
[WhiteElo "2345"]
[BlackElo "2455"]

1.d4 d5 2.c4 e6 3.Nf3 Nf6 4.g3 Be7 5.Bg2 O-O 6.O-O c6 7.Nc3 Nbd7 8.b3 b6
9.Bb2 Ba6 10.Nd2 Rc8 11.e4 c5 12.exd5 cxd4  1/2-1/2

[Event "Biel-B"]
[Site "Biel"]
[Date "1988.??.??"]
[Round "5"]
[White "Costa, Jean Luc"]
[Black "Landenbergue, Claude"]
[Result "1/2-1/2"]
[WhiteElo "2350"]
[BlackElo "2325"]

1.d4 e6 2.c4 Nf6 3.g3 d5 4.Bg2 Be7 5.Nf3 O-O 6.Qc2 Nbd7 7.O-O c6 8.Nbd2 b6
9.b3 Bb7 10.Bb2 Rc8 11.e4  1/2-1/2

[Event "Budapest"]
[Site "Budapest"]
[Date "1988.??.??"]
[Round "?"]
[White "Hoelzl, Franz"]
[Black "Vancsura, Zoltan"]
[Result "0-1"]
[WhiteElo "2370"]
[BlackElo "2295"]

1.c4 e6 2.g3 Nf6 3.Bg2 d5 4.Nf3 Be7 5.d4 O-O 6.O-O dxc4 7.Qc2 a6 8.a4 Bd7
9.Qxc4 Bc6 10.Nc3 a5 11.Bg5 Nbd7 12.e3 h6 13.Bxf6 Nxf6 14.Rac1 Bb4 15.Ne5 Bxg2
16.Kxg2 c6 17.Nd3 Bxc3 18.bxc3 Ne4 19.Rc2 h5 20.Rb1 h4 21.Nc5 b5 22.axb5 cxb5
23.Qxb5 Qd5 24.Nd7 Nc5+ 25.f3 Nxd7 26.Qa4 h3+ 27.Kf2 Rfb8 28.c4 Qd6 29.Rxb8+ Nxb8
30.Qe8+ Qf8 31.Qb5 Qc8 32.Ra2 Qc6 33.Rxa5 Qxb5 34.Rxb5 Ra2+ 35.Kg1 Ra1+ 36.Kf2 Ra2+
37.Kg1 Nd7 38.Rh5 Ra1+ 39.Kf2 Ra2+ 40.Kg1 Rg2+ 41.Kh1 Re2 42.Rxh3 Rxe3 43.Kg2 Rc3
44.c5 Rc2+ 45.Kf1 Nf6 46.Ke1 Rc4 47.Kd2 Rxd4+ 48.Kc3 Rd5 49.Kb4 Nd7 50.c6 Nb8  0-1

[Event "Buenos Aires"]
[Site "Buenos Aires"]
[Date "1988.??.??"]
[Round "?"]
[White "Giardelli, Sergio C"]
[Black "Hoffman, Alejandro"]
[Result "1/2-1/2"]
[WhiteElo "2380"]
[BlackElo "2390"]

1.c4 e6 2.Nf3 d5 3.d4 Nf6 4.g3 Be7 5.Bg2 O-O 6.O-O dxc4 7.Qc2 a6 8.a4 Bd7
9.Rd1 Bc6 10.Qxc4 Bd5 11.Qd3 Nc6 12.Nbd2 Nb4 13.Qb1 c5 14.e4 Bc6 15.e5 Ne8
16.Ne4 c4 17.Be3  1/2-1/2

[Event "BCA op"]
[Site "Buenos Aires"]
[Date "1988.??.??"]
[Round "?"]
[White "Ricardi, Pablo"]
[Black "Cativelli, Gerardo"]
[Result "1-0"]
[WhiteElo "2415"]
[BlackElo "2290"]

1.d4 d5 2.c4 e6 3.Nf3 Nf6 4.g3 Be7 5.Bg2 O-O 6.O-O Nbd7 7.Qc2 c6 8.b3 b6
9.Bb2 Bb7 10.Nc3 Rc8 11.e4 Qc7 12.Rfe1 Qb8 13.Rad1 Rfd8 14.Bh3 Qa8 15.Ng5 Nf8
16.Qe2 Rc7 17.a3 h6 18.Nf3 N8h7 19.exd5 exd5 20.cxd5 Bf8 21.Bg2 Nxd5 22.Nxd5 cxd5
23.Ne5 Nf6 24.Rc1 Qb8 25.Bh3 Bd6 26.Bf5 Rf8 27.Bb1 Qd8 28.Qd3 Re7 29.Ng4 Rxe1+
30.Rxe1 Ne4 31.f3 h5 32.fxe4 dxe4 33.Rxe4 hxg4 34.Re7 g6 35.Rxb7 Re8 36.Qf1 f5
37.Qc4+ Kh8 38.Qf7  1-0

[Event "Bytom"]
[Site "Bytom"]
[Date "1988.??.??"]
[Round "1"]
[White "Bogdanovski, Vlatko"]
[Black "Bus, Mariusz"]
[Result "1-0"]
[WhiteElo "2460"]
[BlackElo "2375"]

1.d4 d5 2.c4 e6 3.Nf3 Nf6 4.g3 Be7 5.Bg2 O-O 6.O-O Nbd7 7.Qc2 Ne4 8.Nc3 Nxc3
9.Qxc3 dxc4 10.Qxc4 c6 11.Rd1 Qb6 12.Qc2 Rd8 13.e4 Nf8 14.Be3 Bd7 15.Rac1 Rac8
16.h4 Be8 17.Nd2 Nd7 18.Nc4 Qb5 19.Bf1 Qh5 20.Be2 Qg6 21.h5 Qf6 22.e5 Qf5
23.Qxf5 exf5 24.g4 fxg4 25.Bxg4 Rb8 26.d5 cxd5 27.Rxd5 Nb6 28.Nxb6 axb6 29.Bf3 Rxd5
30.Bxd5 Bd8 31.Bf4 Kf8 32.e6 Ra8 33.exf7 Bxf7 34.Bd6+ Ke8 35.Bxb7 Bg5 36.f4 Rxa2
37.fxg5 Bxh5 38.Bc6+ Kd8 39.Rf1  1-0

[Event "Cannes op"]
[Site "Cannes"]
[Date "1988.??.??"]
[Round "?"]
[White "Pergericht, Daniel"]
[Black "Kosten, Anthony C"]
[Result "0-1"]
[WhiteElo "2325"]
[BlackElo "2515"]

1.d4 Nf6 2.c4 e6 3.g3 Be7 4.Bg2 d5 5.Nf3 O-O 6.O-O c6 7.Qc2 b6 8.Nbd2 Bb7
9.e4 c5 10.exd5 exd5 11.dxc5 Bxc5 12.Nb3 Be7 13.Nbd4 Nbd7 14.cxd5 Bxd5 15.Bf4 Rc8
16.Qd1 Re8 17.Re1 Bc5 18.Rxe8+ Qxe8 19.Qd3 Bxf3 20.Bxf3 Ne5 21.Bxe5 Qxe5
22.Rd1 g6 23.Qc2 Rd8 24.Nb3 Rxd1+ 25.Bxd1 Bd6 26.Bf3 Kg7 27.Kg2 h5 28.h4 Ng4
29.Nc1 Ne3+  0-1

[Event "Copenhagen op"]
[Site "Copenhagen"]
[Date "1988.??.??"]
[Round "?"]
[White "Szekely, Peter"]
[Black "Haugli, Petter"]
[Result "1/2-1/2"]
[WhiteElo "2420"]
[BlackElo "2350"]

1.Nf3 d5 2.c4 e6 3.g3 Nf6 4.Bg2 Be7 5.d4 O-O 6.Qc2 c5 7.dxc5 Qa5+ 8.Qc3 Qxc5
9.cxd5 Nxd5 10.Qxc5 Bxc5 11.O-O Nc6 12.Rd1 b6 13.b3 Ba6 14.Bf1 Rfd8  1/2-1/2

[Event "Copenhagen op"]
[Site "Copenhagen"]
[Date "1988.??.??"]
[Round "?"]
[White "Schulz, Klaus Juergen"]
[Black "Pieniazek, Artur"]
[Result "1-0"]
[WhiteElo "2345"]
[BlackElo "2275"]

1.Nf3 Nf6 2.c4 e6 3.g3 d5 4.Bg2 Be7 5.d4 O-O 6.Qc2 Nc6 7.O-O Nb4 8.Qb3 dxc4
9.Qxc4 b6 10.a3 Ba6 11.Qb3 Nbd5 12.Re1 c5 13.e4 Nc7 14.dxc5 Bxc5 15.Bg5 h6
16.Bxf6 Qxf6 17.Nc3 Rfd8 18.Qc2 Bd3 19.Qb3 Rac8 20.Na4 Bf8 21.Rad1 Ba6 22.Nc3 Rxd1
23.Rxd1 Rd8 24.e5 Rxd1+ 25.Qxd1 Qf5 26.Nd4 Qxe5 27.Nc6 Qd6 28.Nxa7 Nd5 29.Nxd5 exd5
30.Bxd5 Bc4 31.Bf3 Qf6 32.b3 Ba6 33.b4 Bc4 34.Kg2 Qc3 35.Nc8 Qxa3 36.b5 Qd3
37.Qc1 Bxb5 38.Nxb6 g6 39.Nd5 Bg7 40.h4 Kh7 41.h5 Qc4 42.Qe1 Qc2 43.Qe7 Qf5
44.Nf4 Qf6 45.Qb7 Be8 46.Be4 Qe5 47.Qb1 Qd6 48.Qc1 Be5 49.Qc8 Qb8 50.hxg6+ fxg6
51.Qe6 Bxf4 52.Qe7+ Kh8 53.gxf4 Qxf4 54.Qxe8+ Kg7 55.Qe7+ Qf7 56.Qxf7+ Kxf7
57.Kg3 Kf6 58.Kf4 h5 59.Bf3 g5+ 60.Kg3 g4 61.Bxg4 hxg4 62.Kxg4 Kg6 63.Kf4 Kf6
64.f3  1-0

[Event "Debrecen"]
[Site "Debrecen"]
[Date "1988.??.??"]
[Round "?"]
[White "Gavrikov, Viktor"]
[Black "Ivanchuk, Vassily"]
[Result "1-0"]
[WhiteElo "2545"]
[BlackElo "2535"]

1.Nf3 Nf6 2.c4 e6 3.g3 d5 4.Bg2 Be7 5.d4 O-O 6.Qc2 c5 7.O-O Nc6 8.dxc5 d4
9.a3 a5 10.e3 d3 11.Qd1 e5 12.Nc3 Be6 13.b3 Qd7 14.Bb2 Rad8 15.Na4 Bg4 16.h3 Bxh3
17.Nxe5 Nxe5 18.Bxe5 Bxg2 19.Kxg2 Ne4 20.Bd4 Bxc5 21.Nxc5 Nxc5 22.Bxc5 Qc6+
23.Qf3 Qxc5 24.Rfd1 Rd7 25.Rd2 Rfd8 26.Qe4 g6 27.Qh4 h5 28.Qe4 Kg7 29.Qf4 b5
30.Rad1 a4 31.cxb5 Qd5+ 32.Kg1 axb3 33.Qb4 Rc8 34.Rxd3 Qxd3 35.Rxd3 Rxd3
36.b6 Rb8 37.a4 Kg8 38.Kg2 Rd1 39.Qxb3 Ra1 40.Qb5 Ra8  1-0

[Event "DEN-chB"]
[Site "?"]
[Date "1988.??.??"]
[Round "2"]
[White "Kristiansen, Jens"]
[Black "Schandorff, Lars"]
[Result "1-0"]
[WhiteElo "2435"]
[BlackElo "2400"]

1.c4 e6 2.Nf3 Nf6 3.g3 d5 4.d4 Be7 5.Bg2 O-O 6.O-O dxc4 7.Ne5 Nc6 8.Nxc6 bxc6
9.Na3 Bxa3 10.bxa3 Ba6 11.a4 Qe7 12.Qc2 Rab8 13.e4 e5 14.dxe5 Qxe5 15.Bf4 Qb2
16.Rac1 Rfe8 17.f3 Qb6+ 18.Rf2 Rbd8 19.Bf1 h6 20.Qc3 Nd5 21.exd5 cxd5 22.Kg2 d4
23.Qc2 d3 24.Qc3 Re6 25.a5 Qc6 26.Kg1 g5 27.Bd2 Rde8 28.Bxd3 g4 29.Bxc4 Bxc4
30.Qxc4 Re1+ 31.Bxe1 Rxe1+ 32.Rf1  1-0

[Event "Dordrecht"]
[Site "Dordrecht"]
[Date "1988.??.??"]
[Round "?"]
[White "Pigusov, Evgeny"]
[Black "Khalifman, Alexander"]
[Result "1/2-1/2"]
[WhiteElo "2525"]
[BlackElo "2505"]

1.Nf3 e6 2.d4 Nf6 3.c4 d5 4.g3 Be7 5.Bg2 O-O 6.O-O dxc4 7.Qc2 a6 8.Qxc4 b5
9.Qc2 Bb7 10.Bd2 Be4 11.Qc1 Bb7 12.Qc2 Be4 13.Qc1 Bb7 14.Qc2 Be4  1/2-1/2

[Event "Edinburgh op"]
[Site "Edinburgh"]
[Date "1988.??.??"]
[Round "8"]
[White "Steckner, Johannes"]
[Black "Swan, Iain"]
[Result "1/2-1/2"]
[WhiteElo "2320"]
[BlackElo "2200"]

1.d4 d5 2.c4 e6 3.Nf3 Nf6 4.g3 Be7 5.Bg2 O-O 6.Qc2 dxc4 7.Qxc4 a6 8.Bf4 Nd5
9.Nc3 b5 10.Qd3 Bb7 11.Nxd5 Bxd5 12.O-O Nd7 13.Rfd1 Nf6 14.a4 Be4 15.Qe3 bxa4
16.Rdc1 Qb8 17.Be5 Bd5 18.Rxa4 Qxb2 19.Rxc7 Ng4 20.Qd2 Qxd2 21.Nxd2 Bxg2
22.Kxg2 Bd8 23.Rb7 Nxe5 24.dxe5 Re8 25.Nc4 Re7 26.Rxe7 Bxe7 27.Nb6 Ra7 28.Nc8 Rc7
29.Nxe7+ Rxe7 30.Rxa6 g5 31.h4 gxh4 32.g4 Rb7 33.Ra3 Rb4 34.f3 Kg7 35.Kh3 Kg6
36.Kxh4 h5 37.Re3 hxg4 38.fxg4 Rf4  1/2-1/2

[Event "Eindhoven op"]
[Site "Eindhoven"]
[Date "1988.??.??"]
[Round "?"]
[White "Vanheste, Jeroen"]
[Black "Brenninkmeijer, Joris"]
[Result "1/2-1/2"]
[WhiteElo "2370"]
[BlackElo "2385"]

1.d4 Nf6 2.c4 e6 3.g3 d5 4.Bg2 Be7 5.Nf3 O-O 6.Qc2 c6 7.O-O b6 8.b3 Bb7 9.Nc3 Na6
10.e4 c5 11.exd5 exd5 12.Rd1 dxc4 13.dxc5 Qc8 14.cxb6 axb6 15.Bb2 cxb3 16.Qxb3 Nc5
17.Qc2 Na4 18.Nd4 Bxg2 19.Kxg2 Qb7+ 20.Kg1 Rfc8 21.Ndb5 Qf3 22.Rd4 Nxc3 23.Nxc3 Ba3
24.Bxa3 Rxc3 25.Qd2 h6 26.Bb2 Rcc8 27.Rf4 Qd5 28.Qb4 Nh7 29.h4 Nf8 30.Rd4 Qc5
31.Qd2 Ne6 32.Rd3 Qc2 33.a3 Qxd2 34.Rxd2 Nc5 35.Re1 Na4 36.Bd4 Rd8 37.Be3 Rxd2
38.Bxd2 Nc5 39.Bb4 Nd3  1/2-1/2

[Event "Frunze"]
[Site "Frunze"]
[Date "1988.??.??"]
[Round "?"]
[White "Glek, Igor V"]
[Black "Klovans, Janis"]
[Result "1-0"]
[WhiteElo "2500"]
[BlackElo "2400"]

1.d4 d5 2.c4 e6 3.Nf3 Nf6 4.g3 Be7 5.Bg2 O-O 6.O-O dxc4 7.Na3 Bxa3 8.bxa3 Bd7
9.Ne5 Bc6 10.Nxc6 Nxc6 11.Bb2 Nd5 12.Rc1 Nb6 13.e3 Qd7 14.Qc2 Rab8 15.Rfd1 Ne7
16.Bf1 Qa4 17.Qb1 Rfd8 18.e4 Rd6 19.Qa1 f6 20.Re1 Nc6 21.Bh3 Rf8 22.e5 fxe5
23.dxe5 Rd2 24.Bxe6+ Kh8 25.Rf1 Qb5 26.Bc3 Rd3 27.Rc2 Na4 28.Rb1 Qc5 29.Bb4 Nxb4
30.axb4 Qb6 31.Bxc4 Rdf3 32.Rf1 Qxb4 33.Bd5 R3f5 34.Rxc7 Qb6 35.Rc4 Rxf2
36.Rxf2 Qxf2+ 37.Kh1 Nb6 38.Rf4 Rxf4 39.gxf4 Nxd5  1-0

[Event "Frunze"]
[Site "Frunze"]
[Date "1988.??.??"]
[Round "?"]
[White "Glek, Igor V"]
[Black "Timoshchenko, Gennadi A"]
[Result "1/2-1/2"]
[WhiteElo "2500"]
[BlackElo "2455"]

1.d4 d5 2.c4 e6 3.Nf3 Nf6 4.g3 Be7 5.Bg2 O-O 6.O-O dxc4 7.Na3 Bxa3 8.bxa3 Bd7
9.Ne5 Bc6 10.Nxc6 Nxc6 11.Bb2 Qd7 12.Qa4 b5 13.Qxb5 Rab8 14.Qxc4 Rxb2 15.Bxc6 Qd6
16.Bf3 Qxa3 17.Qxc7 Rxa2 18.Qc1 Rxa1 19.Qxa1 Qe7 20.Rb1 Nd5 21.Qa6 Nb4 22.Qb5 Nd5
23.Qa6 Nb4 24.Qb5 Nd5 25.Ra1 Rd8 26.Qa6 Nb6 27.e3 Rd7 28.h4 Rc7 29.Kg2 g6
30.h5 Kg7 31.Qb5 Qd6 32.Qg5  1/2-1/2

[Event "Bundesliga 8788"]
[Site "Germany"]
[Date "1988.??.??"]
[Round "?"]
[White "Gruenenwald, Joerg"]
[Black "Cicak, Slavko"]
[Result "1-0"]
[WhiteElo "2360"]
[BlackElo "2290"]

1.d4 Nf6 2.c4 e6 3.Nf3 d5 4.g3 Be7 5.Bg2 O-O 6.O-O dxc4 7.Qa4 a6 8.Qxc4 b5
9.Qc2 Bb7 10.Bd2 Be4 11.Qc1 b4 12.Bg5 Nbd7 13.Nbd2 Bd5 14.Bxf6 Nxf6 15.Nb3 Nd7
16.Rd1 c5 17.Nxc5 Rc8 18.Qf4 Nxc5 19.dxc5 Qa5 20.Ne5 Bxg2 21.Kxg2 Rxc5 22.Nc4 Qb5
23.b3 f5 24.Rd2 e5 25.Qe3 Qc6+ 26.f3 e4 27.Rad1 h6 28.Rd7 Qe6 29.f4 Rfc8
30.Qd2 a5 31.Rd5 Kh7 32.Rxc5 Rxc5 33.Qd7 Qf7 34.Rd2 h5 35.h4 Qf6 36.Qe8 Bf8
37.Rd7 Kg8 38.Ne5 e3 39.Rf7 Qd6 40.Rxf8+  1-0

[Event "Bundesliga 8788"]
[Site "Germany"]
[Date "1988.??.??"]
[Round "?"]
[White "Koepf, Ulrich"]
[Black "Behrhorst, Frank"]
[Result "1/2-1/2"]
[WhiteElo "2230"]
[BlackElo "2325"]

1.Nf3 Nf6 2.d4 d5 3.c4 e6 4.g3 Be7 5.Bg2 O-O 6.Nbd2 c5 7.dxc5 Bxc5 8.O-O Nc6
9.cxd5 Nxd5 10.Nc4 h6 11.a3 a5 12.b3 b6 13.Bb2 Bb7 14.e4 Nf6 15.e5 Nd5 16.Nd4 Nxd4
17.Bxd4 Rc8 18.Bxc5 Rxc5 19.Qd4 Qc7 20.Rfe1 Ne7 21.Bxb7 Qxb7 22.b4 axb4 23.axb4 Nf5
24.Qe4 Qxe4 25.Rxe4 Rb5 26.Ra6 Rxb4 27.Rxb6  1/2-1/2

[Event "Bundesliga 8788"]
[Site "Germany"]
[Date "1988.??.??"]
[Round "?"]
[White "Pichler, Juergen"]
[Black "Schacht, Holger"]
[Result "1/2-1/2"]
[WhiteElo "2320"]
[BlackElo "2310"]

1.d4 Nf6 2.Nf3 e6 3.g3 d5 4.Bg2 Be7 5.c4 O-O 6.Qc2 c5 7.dxc5 Bxc5 8.cxd5 Bb4+
9.Nbd2 exd5 10.O-O Nc6 11.a3 Be7 12.b4 Bg4 13.Bb2 Rc8 14.Qa4 Bd7 15.Qb3 Qb6
16.e3 a5 17.bxa5 Qa6 18.Qb6 Qxa5 19.Qxa5 Nxa5 20.Rfc1 b5 21.Ne5 Be6 22.Bf1 Nc4
23.Ndxc4 dxc4 24.Bd4 Ne4 25.Ra2 f6 26.Nf3 Ra8 27.a4 Bb4 28.Rb1 Ba5 29.Rxb5 Rfc8
30.Ba1 Nd6 31.Rb1 Rab8 32.Rc1 Bf7 33.Nd4 Ne4 34.Bh3 Rc7 35.Nb5 Re7 36.Bg2 Bd2
37.Rd1 c3 38.Nd4 Rbb7 39.a5 Rb1  1/2-1/2

[Event "Bundesliga 8788"]
[Site "Germany"]
[Date "1988.??.??"]
[Round "?"]
[White "Bischoff, Klaus"]
[Black "Glienke, Manfred"]
[Result "1-0"]
[WhiteElo "2465"]
[BlackElo "2300"]

1.d4 d5 2.c4 e6 3.Nf3 Nf6 4.g3 Be7 5.Bg2 O-O 6.Nbd2 b6 7.O-O Bb7 8.cxd5 exd5
9.b3 Nbd7 10.Bb2 Re8 11.Rc1 Bd6 12.Nh4 Rb8 13.e3 g6 14.Nhf3 Qe7 15.Qc2 c6
16.Rfe1 Ba3 17.Bxa3 Qxa3 18.Nb1 Qd6 19.Nc3 Re7 20.Qb2 Rbe8 21.b4 h6 22.a4 a6
23.Red1 Nh7 24.h4 Nhf6 25.Bh3 h5 26.Ne2 Ng4 27.Nf4 Ndf6 28.Ng5 Bc8 29.Bg2 Bf5
30.Rc3 Rc8 31.Rdc1 Rec7 32.Qb3 Kg7 33.Bf1 Ra7 34.Qa3 a5 35.b5 Qxa3 36.Rxa3 cxb5
37.Rxc8 Bxc8 38.Bxb5 Rc7 39.Ne2 Bd7 40.Bxd7 Nxd7 41.Rc3 Rxc3 42.Nxc3 Ndf6
43.Nh3 Kf8 44.Nf4 Ke8 45.Nfxd5 Nd7 46.f3 Ngf6 47.Nc7+ Kd8 48.N7b5 Nb8 49.Nd6  1-0

[Event "BL2-W8788"]
[Site "Germany"]
[Date "1988.??.??"]
[Round "?"]
[White "Pieper Emden, Carsten"]
[Black "Capelan, Guenter"]
[Result "1/2-1/2"]
[WhiteElo "2310"]
[BlackElo "2385"]

1.d4 d5 2.c4 e6 3.Nf3 Nf6 4.g3 Be7 5.Bg2 O-O 6.O-O Nbd7 7.b3 b6 8.Bb2 Bb7
9.Nbd2 c5 10.Rc1 Rc8 11.e3 Rc7 12.Qe2 Qa8 13.Ne5 dxc4 14.Bxb7 Qxb7 15.Ndxc4 cxd4
16.Bxd4 Rfc8 17.Qb2 Nb8 18.h3 Nc6 19.Nxc6 Rxc6 20.Ne5 Rxc1 21.Rxc1 Ne4 22.Rxc8+ Qxc8
23.Qb1 f5 24.Kg2 Bf6 25.f3 Ng5 26.h4 Nf7 27.Nxf7 Kxf7 28.Bxf6  1/2-1/2

[Event "Groningen op"]
[Site "Groningen"]
[Date "1988.??.??"]
[Round "?"]
[White "Kohlweyer, Bernd"]
[Black "Estremera Panos, Sergio"]
[Result "1-0"]
[WhiteElo "2325"]
[BlackElo "2340"]

1.Nf3 Nf6 2.d4 e6 3.c4 d5 4.g3 Be7 5.Bg2 O-O 6.O-O dxc4 7.Qc2 a6 8.Qxc4 b5
9.Qc2 Bb7 10.Bf4 Bd6 11.Bg5 Nbd7 12.Nbd2 Rc8 13.Bxf6 Nxf6 14.Nb3 Be4 15.Qd2 c5
16.dxc5 Bxc5 17.Rac1 Bb6 18.Qxd8 Rfxd8 19.Ne5 Bc7 20.Nc6 Bxc6 21.Rxc6 Be5
22.Rfc1 Rxc6 23.Rxc6 Rd1+ 24.Bf1 g5 25.Rxa6 Bxb2 26.Rb6 Nd5 27.Rxb5 Nc3 28.Rxg5+ Kf8
29.Ra5 Nxe2+ 30.Kg2 Nd4 31.Nc5 Nf5 32.Rb5 Bd4 33.Nb3 Bf6 34.a4 Nd4 35.Rb8+ Kg7
36.Nc5 Ra1 37.Rb7 Ra3 38.Bb5 Nxb5 39.axb5 Kg6 40.Ne4 Bd4 41.Rd7 e5 42.b6 Rb3
43.b7 f5 44.Nd6  1-0

[Event "Hallein op"]
[Site "Hallein"]
[Date "1988.??.??"]
[Round "6"]
[White "Gyorkos, Lajos"]
[Black "Neckar, Lubomir"]
[Result "1/2-1/2"]
[WhiteElo "2330"]
[BlackElo "2380"]

1.d4 d5 2.c4 e6 3.Nf3 Be7 4.g3 Nf6 5.Bg2 O-O 6.Qc2 b6 7.O-O Bb7 8.cxd5 exd5
9.Nc3 Na6 10.Rd1 Qc8 11.Bg5 h6  1/2-1/2

[Event "Hastings op8889"]
[Site "Hastings"]
[Date "1988.??.??"]
[Round "?"]
[White "Martin, Andrew D"]
[Black "Jackson, Sheila"]
[Result "1-0"]
[WhiteElo "2365"]
[BlackElo "2260"]

1.Nf3 d5 2.d4 Nf6 3.c4 e6 4.g3 Be7 5.Bg2 O-O 6.Qc2 b6 7.O-O Bb7 8.cxd5 exd5
9.Ne5 c6 10.Rd1 Re8 11.Nc3 Nbd7 12.e4 Nf8 13.exd5 cxd5 14.Qa4 Ne6 15.Be3 Bf8
16.Rac1 a6 17.Qb3 b5 18.h3 Qd6 19.Nd3 Ne4 20.Nc5 Nxc3 21.Rxc3 Bc6 22.Nd3 Red8
23.Rdc1 Bb7 24.Nc5 Bc8 25.a3 g6 26.Nd3 Bb7 27.Ne5 Bg7 28.Nc6 Rd7 29.Na5 Rad8
30.Nxb7 Rxb7 31.Rc6 Qd7 32.Rxa6 Nxd4 33.Bxd4 Bxd4 34.Rd1 Bg7 35.Rxd5  1-0

[Event "Hastings8899"]
[Site "Hastings"]
[Date "1988.??.??"]
[Round "?"]
[White "Gulko, Boris F"]
[Black "Kosten, Anthony C"]
[Result "1-0"]
[WhiteElo "2590"]
[BlackElo "2515"]

1.d4 Nf6 2.c4 e6 3.g3 d5 4.Bg2 Be7 5.Nf3 O-O 6.Qc2 c6 7.O-O b6 8.b3 Bb7 9.Nc3 Na6
10.Rd1 Rc8 11.e4 c5 12.dxc5 Bxc5 13.e5 Ng4 14.Ng5 g6 15.Nge4 dxe4 16.Rxd8 Rfxd8
17.Bxe4 Nb4 18.Qe2 Nxf2 19.Bxb7 Nd1+ 20.Kg2 Nxc3 21.Qf3 Rc7 22.Bh6 Rd3 23.Qf6 Bf8
24.Bxf8 Kxf8 25.Qh8+ Ke7 26.Rf1 Rd2+ 27.Kh3 Rd8 28.Rxf7+ Kxf7 29.Qxh7+  1-0

[Event "Hastings8899"]
[Site "Hastings"]
[Date "1988.??.??"]
[Round "?"]
[White "Kortschnoj, Viktor"]
[Black "Short, Nigel D"]
[Result "1/2-1/2"]
[WhiteElo "2595"]
[BlackElo "2665"]

1.d4 Nf6 2.c4 e6 3.g3 d5 4.Bg2 Be7 5.Nf3 O-O 6.Nc3 dxc4 7.Ne5 c5 8.dxc5 Qxd1+
9.Nxd1 Bxc5 10.Bd2 Nc6 11.Bxc6 bxc6 12.Rc1 Ba6 13.Nxc4 Rfd8 14.f3 Rac8 15.b3 Bd4
16.e3 Bc5 17.Ba5 Rd7 18.Ndb2 Nd5 19.Rd1 Rb7 20.Kf2 Kf8 21.Rhe1 f6 22.Kg2 Ke7
23.Bd2 Nb6 24.Nd3 Ba3 25.Na5 Rbc7 26.Bb4+ Bxb4 27.Nxb4 Bb7 28.Nd3  1/2-1/2

[Event "Hradec Kralove"]
[Site "Hradec Kralove"]
[Date "1988.??.??"]
[Round "1"]
[White "Palatnik, Semon"]
[Black "Tichy, Vladimir"]
[Result "1-0"]
[WhiteElo "2500"]
[BlackElo "2380"]

1.d4 Nf6 2.c4 e6 3.g3 d5 4.Bg2 Be7 5.Nf3 O-O 6.O-O b6 7.cxd5 exd5 8.Nc3 Bb7
9.Ne5 Na6 10.Bg5 h6 11.Bxf6 Bxf6 12.f4 c6 13.e4 Nc7 14.exd5 Nxd5 15.Nxd5 cxd5
16.Rc1 Rc8 17.Qb3 Qd6 18.Bh3 Rc7 19.Qe3 Re8 20.Rxc7 Qxc7 21.Rc1 Qd6 22.Qc3 Re7
23.Bc8 Bxe5 24.fxe5 Qb8 25.Bxb7 Qxb7 26.Qc8+ Kh7 27.Qxb7 Rxb7 28.Rc6 Kg8
29.Rc8+ Kh7 30.Rd8 Kg6 31.Kf2 Rc7 32.Rxd5 Rc2+ 33.Kf3 Rxh2 34.Rd6+ Kf5 35.g4+ Kg5
36.Rd7 Kg6 37.Rxa7 Rxb2 38.a4 b5 39.a5 b4 40.d5 Ra2 41.d6 b3 42.a6 b2 43.Rb7 Rxa6
44.Rxb2 h5 45.gxh5+ Kf5 46.Rb8 Ra3+ 47.Ke2 Ra7 48.Re8  1-0

[Event "IND-ch"]
[Site "?"]
[Date "1988.??.??"]
[Round "?"]
[White "Mishra, Neeraj Kumar"]
[Black "Ravi, Thandalam Shanmugam"]
[Result "1-0"]
[WhiteElo "2335"]
[BlackElo "2215"]

1.d4 d5 2.Nf3 Nf6 3.c4 e6 4.g3 Be7 5.Bg2 c6 6.O-O O-O 7.Nbd2 b6 8.Qc2 Bb7
9.e4 dxc4 10.e5 Nd5 11.Nxc4 Nd7 12.h4 c5 13.Bg5 h6 14.Bxe7 Qxe7 15.Nd6 Rab8
16.Rfe1 a5 17.Nxb7 Rxb7 18.Bf1 cxd4 19.Nxd4 Rc7 20.Qe4 Nc5 21.Qg4 Rd8 22.Rad1 Nd7
23.a3 Nf8 24.Nb5 Rc2 25.Nd6 Rxb2 26.Rxd5 h5 27.Qd4 exd5 28.Qxb2 Rxd6 29.exd6 Qxe1
30.Qxb6 Qe6 31.Bb5 Qf5 32.Qd8 Qf6 33.Qxf6 gxf6 34.Be2 Kg7 35.Bxh5 f5 36.Bf3 d4
37.Bd5 Kf6 38.f4 Kg6 39.Kf2  1-0

[Event "IND-ch"]
[Site "?"]
[Date "1988.??.??"]
[Round "?"]
[White "Murugan, Krishnamoorthy"]
[Black "Ravi, Thandalam Shanmugam"]
[Result "1-0"]
[WhiteElo "2325"]
[BlackElo "2215"]

1.d4 d5 2.c4 e6 3.Nf3 Nf6 4.g3 Be7 5.Bg2 O-O 6.O-O dxc4 7.Ne5 Nbd7 8.Nxc4 c5
9.dxc5 Bxc5 10.Nc3 Nb6 11.Nxb6 Qxd1 12.Rxd1 Bxb6 13.Na4 Bc7 14.Be3 Bd7 15.Nc5 Bc6
16.Bxc6 bxc6 17.Rac1 Bb6 18.Bd4 Rfd8 19.Bxf6 Rxd1+ 20.Rxd1 Bxc5 21.Bc3 Bb6
22.Rd7 h6 23.a4 Rd8 24.Rb7 Bd4 25.a5 Bxc3 26.bxc3 Rd1+ 27.Kg2 Rc1 28.Kf3 Rxc3+
29.Ke4 Ra3 30.Rxa7 c5 31.a6 c4 32.h4 g6 33.g4 c3 34.Kd3 Kg7 35.Ra8 Kh7 36.f4 Kg7
37.e4 Kh7 38.Ra7 Kg7 39.Kc2 Kf6 40.e5+ Kg7 41.f5 gxf5 42.gxf5 exf5 43.e6 f4
44.Rxf7+ Kg8 45.Rd7 Ra2+ 46.Kxc3 f3 47.Rd8+ Kg7 48.e7 Re2 49.a7  1-0

[Event "Kecskemet op"]
[Site "Kecskemet"]
[Date "1988.??.??"]
[Round "?"]
[White "Streitberg, Petr"]
[Black "Foldi, Istvan"]
[Result "0-1"]
[WhiteElo "2290"]
[BlackElo "2335"]

1.d4 d5 2.Nf3 Nf6 3.c4 e6 4.g3 Be7 5.Bg2 O-O 6.O-O Nbd7 7.Qc2 dxc4 8.Nbd2 c5
9.Nxc4 cxd4 10.Rd1 e5 11.Ncxe5 Nxe5 12.Nxe5 Qa5 13.Bf4 g5 14.Nc4 Qc5 15.b4 Qxb4
16.Bxg5 Be6 17.Ne5 Rac8 18.Qd2 Qb5 19.Qf4 Nh5 20.Qh4 f6 21.Nf3 fxg5 22.Qxh5 Qf5
23.Nxd4 Qxf2+ 24.Kh1 Bf7 25.Qg4 Bf6 26.Rd3 h5 27.Qe4 Rce8 28.Qxb7 Re7 29.Qc6 Rxe2
30.Rf1 Re1 31.Rf3 Rxf1+ 32.Bxf1 Qxd4  0-1

[Event "URS-FL56"]
[Site "Klaipeda"]
[Date "1988.??.??"]
[Round "?"]
[White "Gelfand, Boris"]
[Black "Aseev, Konstantin N"]
[Result "0-1"]
[WhiteElo "2585"]
[BlackElo "2445"]

1.d4 Nf6 2.c4 e6 3.g3 d5 4.Bg2 Be7 5.Nf3 O-O 6.O-O dxc4 7.Ne5 Nc6 8.Bxc6 bxc6
9.Nxc6 Qe8 10.Nxe7+ Qxe7 11.Qa4 c5 12.Qxc4 cxd4 13.Qxd4 e5 14.Qh4 Qe6 15.Nc3 Bb7
16.e4 Rac8 17.f3 Qb6+ 18.Rf2 h6 19.Kg2 Rcd8 20.g4 Rd3 21.g5 hxg5 22.Bxg5 Nh7
23.Rg1 Re8 24.Kh1 Re6 25.Bc1 Nf8 26.Rfg2 Rg6 27.Qh5 Rxg2 28.Rxg2 Ng6 29.Qg4 Qa6
30.Qg3 Bc8 31.Rf2 Qd6 32.Bg5 Nf4 33.Bxf4 exf4 34.Qh4 Be6 35.Rf1 Rd2 36.Rg1 g6
37.Qf6 Bg4  0-1

[Event "RLPF-ch"]
[Site "Landau"]
[Date "1988.??.??"]
[Round "9"]
[White "Roos, Thomas"]
[Black "Kargoll, Peter"]
[Result "1-0"]
[WhiteElo "2235"]
[BlackElo "2245"]

1.c4 e6 2.Nf3 d5 3.d4 Be7 4.g3 Nf6 5.Bg2 c6 6.O-O Nbd7 7.Nbd2 O-O 8.b3 b6
9.Bb2 Bb7 10.Rc1 c5 11.e3 Ne8 12.Qe2 f5 13.Ne5 Nxe5 14.dxe5 b5 15.cxd5 Bxd5
16.e4 Bc6 17.Rfd1 Qb6 18.Nf1 Qb7 19.f4 fxe4 20.Nd2 e3 21.Bxc6 Qxc6 22.Qxe3 Rd8
23.Ne4 Rxd1+ 24.Rxd1 Nc7 25.Qf3 Nd5 26.Nc3 Rd8 27.f5 b4 28.Ne4 Qc8 29.f6 Bf8
30.fxg7 Bxg7 31.Nf6+ Nxf6 32.Rxd8+ Qxd8 33.exf6 Bh6 34.Qg4+ Kf8 35.Qxe6 Qd1+
36.Kg2 Qc2+ 37.Kh3 Qg6 38.Qc8+ Kf7 39.Qxc5 Bf8 40.Qc4+ Ke8 41.Qc8+ Kf7 42.Qc4+ Ke8
43.Qe6+ Kd8 44.Qd5+ Kc8 45.Qa8+ Kd7 46.Qxa7+ Ke6 47.Qa6+ Bd6 48.Qc8+ Kf7
49.Qd7+ Kg8 50.Qe6+ Qf7  1-0

[Event "BKL-Turnier"]
[Site "Leipzig"]
[Date "1988.??.??"]
[Round "?"]
[White "Adamski, Jan"]
[Black "Kiss, Attila"]
[Result "1/2-1/2"]
[WhiteElo "2395"]
[BlackElo "2375"]

1.d4 Nf6 2.c4 e6 3.g3 d5 4.Bg2 Be7 5.Nf3 O-O 6.O-O dxc4 7.Qc2 a6 8.e4 Bd7
9.Qxc4 Bc6 10.Bg5 Nbd7 11.Nc3 a5 12.Qd3 Bb4 13.Rfd1 h6 14.Bxf6  1/2-1/2